Sports Quiz

Random Sports or College Quiz

Womens college cup winners Quiz Stats

 Plays Quiz not verified by Sporcle

Challenge
Share
Tweet
Embed
Score 0/29 Timer 03:00
0 Plays Today
name % Correct
1982North Carolina
100%
1983North Carolina
100%
1985North Carolina
100%
1986North Carolina
100%
1987North Carolina
100%
1988North Carolina
100%
1989North Carolina
100%
1990North Carolina
100%
1991North Carolina
100%
1992North Carolina
100%
1993North Carolina
100%
1994North Carolina
100%
1996North Carolina
100%
1997North Carolina
100%
1999North Carolina
100%
name % Correct
2000North Carolina
100%
2003North Carolina
100%
2006North Carolina
100%
2008North Carolina
100%
2009North Carolina
100%
1995Notre Dame
84.2%
2004Notre Dame
84.2%
2010Notre Dame
84.2%
2002Portland
52.6%
2005Portland
52.6%
1998Florida
47.4%
2001Santa Clara
36.8%
1984George Mason
26.3%
2007Southern California
21.1%

You're not logged in!

Compare scores with friends on all Sporcle quizzes.
Join for Free
OR
Log In

You Might Also Like...

Show Comments

Extras

Created Dec 23, 2010ReportNominate
Tags:College Quiz, cup, winner, women

Top Quizzes Today


Score Distribution

Your Account Isn't Verified!

In order to create a playlist on Sporcle, you need to verify the email address you used during registration. Go to your Sporcle Settings to finish the process.

Report this User

Report this user for behavior that violates our Community Guidelines.

Details: